Dead or Alive 5 Last Round (characters) - Statistics

General Stats
  • This quiz has been taken 9 times
  • The average score is 24 of 36
Answer Stats
Answer % Correct
Ayane
100%
Helena
100%
Kasumi
100%
Bass
88%
Hayate
88%
Mai
88%
Ryu
88%
Tina
88%
Christie
75%
Hitomi
75%
Honoka
75%
Jann Lee
75%
Kokoro
75%
Leifang
75%
Marie Rose
75%
Momiji
75%
Rachel
75%
Rig
75%
Zack
75%
Alpha-152
63%
Ein
63%
Nyotengu
63%
Phase 4
63%
Raidou
63%
Sarah
63%
Bayman
50%
Brad Wong
50%
Genfu
50%
Jacky
50%
Leon
50%
Lisa
50%
Akira
38%
Eliot
38%
Mila
38%
Naotora
38%
Pai
38%
No matching quizzes found
Score Distribution
Percent of People with Each Score
Percentile by Number Answered
Your Score History
You have not taken this quiz